Velkoobchod a maloobchod /

Hlavní autor: Hes, Aleš
Jazyk: Čeština
Vydáno: V Praze : Česká zemědělská univerzita, Provozně ekonomická fakulta, Katedra obchodu a financí, 2004
Vydání: Vyd. 1.
Témata:
Externí odkaz: Digitalizovaný dokument
Fyzický popis: 132 s. : il. ; 29 cm
Knihy
Uloženo v:
LEADER 01587nam a2200397 a 4500
001 000725532
003 CZ BrMZK
005 20080131131301.0
007 ta
008 040712s2004 xr a e p 000 0 cze d
015 |a cnb001314817 
020 |a 80-213-1163-0  |q (brož.) :  |c Kč 68,00 
020 |a 80-213-1163-3  |q (dotisk :  |q brož.) :  |c Kč 84,00 
035 |a (OCoLC)85105481 
040 |a BOA001  |b cze 
072 7 |a 339.3  |x Vnitřní obchod  |2 Konspekt  |9 4 
072 7 |a 37.016  |x Učební osnovy. Vyučovací předměty. Učebnice  |2 Konspekt  |9 22 
080 |a 339.33  |2 MRF 
080 |a 339.37  |2 MRF 
080 |a (075.8)  |2 MRF 
100 1 |a Hes, Aleš  |7 ola2003206341  |4 aut 
245 1 0 |a Velkoobchod a maloobchod /  |c Aleš Hes 
250 |a Vyd. 1. 
260 |a V Praze :  |b Česká zemědělská univerzita, Provozně ekonomická fakulta, Katedra obchodu a financí,  |c 2004 
300 |a 132 s. :  |b il. ;  |c 29 cm 
500 |a 400 výt. 
504 |a Obsahuje bibliografii 
521 2 |a Určeno pro posluchače všech oborů ČZU v Praze 
650 0 7 |a velkoobchod  |7 ph127012  |2 czenas 
650 0 7 |a maloobchod  |7 ph122580  |2 czenas 
655 7 |a učebnice vysokých škol  |7 fd133772  |2 czenas 
856 4 1 |u http://www.digitalniknihovna.cz/mzk/uuid/uuid:da2d51f0-0d77-11e4-8f64-005056827e52  |y Digitalizovaný dokument  |x NDK 
910 |a BOA001  |b 3-1138.312 
990 |a BK 
996 6 |b 2610224956  |c 3-1138.312  |l MZK  |r Sklad / do 1 hodiny  |n 15  |p p.v.  |w 000725532  |u 000010  |a 1  |e BOA001  |j MZK50  |s P 
996 7 |b 2610330954  |c 3-1138.312  |l Vol.výběr  |r VV 0p  |n 27  |p p.v.  |h 339 HES  |w 000725532  |u 000020  |a 0  |e BOA001  |j MZK50  |s A